000 00971nam a22002417a 4500
005 20180728122138.0
008 080813t xxu||||| |||| 00| 0 eng d
010 _aB-260419
020 _a0195650263
_c325.00
020 _a9780195650266
_c325.00
035 _aB-260419, B-106884, B-106886
037 _aPansy Books/720/13.03.08/172/24.12.07/19.05.08
_bPansy Books(Vender)
040 _aDPL
_bENG
082 _a883.912
100 _aSorabji, Cornelia
245 _aLove and life behind the purdah /
_cby Cornelia Sorabji; edited by Chandani Lokuge
260 _aNew Delhi
_bOxford University Press
_c2003
270 _aYMCA Library Building, Jai Singh Road,
_bNew Delhi
_e110001
300 _axlii ,142p.
_c22cm (HB)
700 _aLokuge, Chandani
942 _2ddc
_cEN
_h883.912
_mSOR
999 _c14839
_d14839